00530nam a2200181 a 450000100060000000300090000600800410001502000150005604000280007108200150009910000280011424500790014226000430022130000110026465000260027565000230030165000240032415045CO-ViMGA141112s2004 ck r 000 u spa d a9586980723 aCO-ViMGAbspacCO-ViMGA04a371.3 E5281 aConvenio Andres Bello, 10aEncuentro Internacional de materiales educativos y práctica pedagógica aBtá, cConvenio Andres Bello, c2001 a204.p.14aFORMACION DE DOCENTES14aMATERIAL DIDACTICO14aPRACTICA PEDAGOGICA